Avatar the Last Airbender: Ultimate Character Episode Quiz - Statistics

General Stats
  • This quiz has been taken 120 times
  • The average score is 54 of 124
Answer Stats
Hint Answer % Correct
a Aang
99%
Katara
99%
Sokka
99%
Zuko
99%
Iroh
98%
Toph
95%
Appa
94%
Azula
91%
Momo
90%
Ozai
90%
Roku
90%
Bumi
89%
Jet
89%
Mai
89%
Suki
89%
Zhao
88%
Yu
85%
Kyoshi
84%
Ty Lee
84%
Gran Gran
83%
Lo
80%
Yue
80%
Bato
79%
Gyatso
78%
Pakku
75%
Hakoda
73%
Haru
73%
Sozin
73%
Smellerbee
71%
The Duke
71%
Longshot
70%
The Boulder
69%
Li
68%
Pipsqueak
66%
Yin
65%
Jeong Jeong
64%
Hama
63%
Koh
61%
Kuruk
60%
Long Feng
60%
Jun
58%
Ursa
56%
Yangchen
56%
Azulon
55%
Piandao
55%
Aunt Wu
53%
La
53%
The Earth King
51%
Wan-Shi Tong
50%
Kya
49%
Teo
48%
Bosco
46%
Combustion Man
46%
Lee
46%
The Mechanist
46%
Hei Bai
45%
Tui
45%
Joo Dee
44%
Pathik
43%
Hahn
40%
Flopsy
39%
Cabbage Merchant
38%
Nyla
38%
The Hippo
38%
Chan
36%
Ran
36%
Dock
35%
Hope
35%
Shaw
35%
The Painted Lady
35%
Tyro
34%
Chit Sang
33%
Fang
33%
Tom Tom
31%
Lu Ten
30%
Xin Fu
30%
Meng
29%
The Warden
29%
Hawky
28%
Ming
28%
Bushi
26%
Chong
25%
Fire Nation Man
25%
Hue
23%
Tho
23%
Jin Wei
21%
On Ji
21%
Sneers
21%
Wei Jin
21%
Xu
21%
Koko
20%
Miyuki
20%
Shyu
20%
Chey
16%
Lily
16%
Old Man Ding
14%
Shinu
14%
Hide
11%
How
11%
Ta Min
11%
Doo
10%
Sung
10%
Yagoda
10%
Chin the Great
9%
Mongke
9%
Qin
9%
Than
9%
Ying
9%
Yon Rah
9%
Fung
8%
Jinju
8%
Ruon-Jian
6%
Sangok
6%
Pong
5%
Sud
5%
Gansu
4%
Zey
4%
Kachi
3%
Sela
3%
Gashuin
1%
Ham Ghao
1%
Pao
1%
Qin Lee
1%
No matching quizzes found
Score Distribution
Percent of People with Each Score
Percentile by Number Answered
Your Score History
You have not taken this quiz